[Event "24th Bosna it"]
[Site "Sarajevo YUG"]
[Date "1985.03.19"]
[Round "1"]
[White "Chandler, Murray Graham"]
[Black "Kurajica, Bojan"]
[Result "1/2-1/2"]
[WhiteElo "2585"]
[BlackElo "2535"]
[EventDate "1985.03.19"]
[PlyCount "79"]

1.e4 c5 2.Nf3 Nc6 3.d4 cxd4 4.Nxd4 e6 5.Nb5 d6 6.c4 a6 7.N5c3 Nf6 8.Be2 
Be7 9.O-O O-O 10.Na3 b6 11.Be3 Bb7 12.Qb3 Nd7 13.Rfd1 Rc8 14.Rac1 Na5 15.
Qa4 f5 16.exf5 Rxf5 17.b4 Bg5 18.Qc2 Bxe3 19.fxe3 Qg5 20.e4 Nc6 21.Qd2 
Nxb4 22.Qxg5 Rxg5 23.Rxd6 Bc6 24.Nab1 Nc5 25.a3 Nb3 26.Rcd1 Nc2 27.Rd8+ 
Rxd8 28.Rxd8+ Kf7 29.Rb8 Nbd4 30.Rxb6 Ra5 31.c5 Nxa3 32.Bxa6 Nxb1 33.Nxb1 
Bxe4 34.Nd2 Bd5 35.Bd3 Rxc5 36.Ne4 Rc1+ 37.Kf2 Rd1 38.Ng5+ Ke7 39.Ke3 e5 
40.Nxh7 1/2-1/2

[Event "24th Bosna it"]
[Site "Sarajevo YUG"]
[Date "1985.03.19"]
[Round "1"]
[White "Drasko, Milan"]
[Black "Popovic, Petar"]
[Result "1/2-1/2"]
[WhiteElo "2460"]
[BlackElo "2540"]
[EventDate "1985.03.19"]
[PlyCount "27"]

1.Nf3 Nf6 2.c4 e6 3.Nc3 Bb4 4.Qc2 O-O 5.a3 Bxc3 6.Qxc3 b6 7.d3 a5 8.Bg5 d6
9.e3 Bb7 10.Be2 a4 11.O-O Nbd7 12.Rae1 c5 13.Nd2 Qc7 14.e4 1/2-1/2

[Event "24th Bosna it"]
[Site "Sarajevo YUG"]
[Date "1985.03.19"]
[Round "1"]
[White "Georgiev, Kiril"]
[Black "Lputian, Smbat"]
[Result "1/2-1/2"]
[WhiteElo "2535"]
[BlackElo "2530"]
[EventDate "1985.03.19"]
[PlyCount "86"]

1.d4 e6 2.c4 d5 3.Nf3 Nf6 4.Nc3 Be7 5.Bg5 h6 6.Bh4 O-O 7.e3 b6 8.Be2 Bb7 
9.Rc1 dxc4 10.Bxc4 Nbd7 11.O-O c5 12.Qe2 Ne4 13.Nxe4 Bxh4 14.Nc3 cxd4 15.
exd4 Bg5 16.Rcd1 Nf6 17.Nxg5 hxg5 18.f4 gxf4 19.Rxf4 a6 20.a3 Re8 21.Rdf1 
Qd6 22.Qe5 Rad8 23.R1f2 Rd7 24.Qg5 Nh7 25.Qh5 g6 26.Qe2 f5 27.Bxa6 Bxa6 
28.Qxa6 g5 29.Nb5 Qb8 30.R4f3 Nf6 31.Re2 g4 32.Rfe3 Nd5 33.Rxe6 Rxe6 34.
Rxe6 Kf7 35.Rd6 {? Better is simply 35.Re5} 35...Re7 36.Rxd5 Re1+ 37.Kf2 
Qf4+ 38.Kxe1 Qc1+ 39.Ke2 Qxb2+ 40.Kd3 Qb1+ 41.Kc3 Qc1+ 42.Kb4 Qb1+ 43.Kc4 
Qf1+ 1/2-1/2

[Event "24th Bosna it"]
[Site "Sarajevo YUG"]
[Date "1985.03.20"]
[Round "2"]
[White "Andersson, Ulf"]
[Black "Mikhalchishin, Adrian"]
[Result "1/2-1/2"]
[WhiteElo "2575"]
[BlackElo "2505"]
[EventDate "1985.03.19"]
[PlyCount "41"]

1.Nf3 Nf6 2.c4 g6 3.Nc3 d5 4.cxd5 Nxd5 5.e4 Nxc3 6.dxc3 Qxd1+ 7.Kxd1 Bg4 
8.Kc2 Bxf3 9.gxf3 Nd7 10.Be3 h5 11.Rd1 Bh6 12.f4 O-O-O 13.Bh3 c6 14.Rd4 e6
15.Rhd1 Nf6 16.Rxd8+ Rxd8 17.Rxd8+ Kxd8 18.Kd3 h4 19.e5 Nd5 20.Ke4 Nxe3 
21.fxe3 1/2-1/2

[Event "24th Bosna it"]
[Site "Sarajevo YUG"]
[Date "1985.03.20"]
[Round "2"]
[White "Georgiev, Kiril"]
[Black "Marjanovic, Slavoljub"]
[Result "1/2-1/2"]
[WhiteElo "2535"]
[BlackElo "2505"]
[EventDate "1985.03.19"]
[PlyCount "83"]

1.d4 d5 2.Nf3 c5 3.c4 e6 4.cxd5 exd5 5.Bg5 Be7 6.Bxe7 Nxe7 7.dxc5 Qa5+ 8.
Nc3 Nbc6 9.e3 Qxc5 10.Be2 O-O 11.O-O Rd8 12.Rc1 Bg4 13.Qa4 Bxf3 14.Bxf3 
Ne5 15.Be2 N7c6 16.Rfd1 Nc4 17.Nxd5 b5 18.b4 Nxb4 19.Qxb4 Rxd5 20.Qxc5 
Rxc5 21.Rd7 Rcc8 22.h3 g6 23.Rb7 Rc5 24.Rd1 a6 25.Bf3 Rac8 26.Ra7 a5 27.
Bd5 R8c7 28.Rxc7 Rxc7 29.Rc1 a4 30.Bxc4 Rxc4 31.Rxc4 bxc4 32.Kf1 f5 33.Ke2
Kf7 34.Kd2 Ke6 35.h4 h6 36.Kc3 Kd5 37.f3 g5 38.hxg5 hxg5 39.g4 fxg4 40.
fxg4 a3 41.Kb4 Ke4 42.Kxc4 1/2-1/2

[Event "24th Bosna it"]
[Site "Sarajevo YUG"]
[Date "1985.03.20"]
[Round "2"]
[White "Lputian, Smbat"]
[Black "Kurajica, Bojan"]
[Result "1/2-1/2"]
[WhiteElo "2530"]
[BlackElo "2535"]
[EventDate "1985.03.19"]
[PlyCount "63"]

1.d4 Nf6 2.c4 e6 3.Nf3 Bb4+ 4.Nbd2 d5 5.Qa4+ Nc6 6.e3 O-O 7.a3 Bxd2+ 8.
Bxd2 Ne4 9.Rd1 Qf6 10.Bd3 Nd6 11.O-O dxc4 12.Bxc4 Bd7 13.Bd3 e5 14.d5 e4 
15.Bxe4 Ne5 16.Qd4 Nxf3+ 17.Bxf3 Qxd4 18.exd4 Rfe8 19.Rc1 Rac8 20.Bf4 Nf5 
21.Rxc7 Rxc7 22.Bxc7 Nxd4 23.Bd1 Bb5 24.d6 Ne6 25.Bg4 Bxf1 26.Kxf1 Nf8 27.
Bf3 b6 28.Bc6 Rc8 29.Bd5 g6 30.h4 h6 31.g4 g5 32.hxg5 1/2-1/2

[Event "24th Bosna it"]
[Site "Sarajevo YUG"]
[Date "1985.03.20"]
[Round "2"]
[White "Sax, Gyula"]
[Black "Kozul, Zdenko"]
[Result "1-0"]
[WhiteElo "2565"]
[BlackElo "2380"]
[EventDate "1985.03.19"]
[PlyCount "99"]

1.e4 c5 2.Nf3 d6 3.d4 cxd4 4.Nxd4 Nf6 5.Nc3 Nc6 6.Bg5 e6 7.Qd2 a6 8.O-O-O 
Bd7 9.f4 b5 10.Bxf6 gxf6 11.Kb1 b4 12.Nce2 Qb6 13.g3 Be7 14.Bg2 Nxd4 15.
Nxd4 Rd8 16.g4 a5 17.Rhf1 Rg8 18.Bf3 a4 19.b3 Qc5 20.Rfe1 Bf8 21.e5 fxe5 
22.fxe5 d5 23.g5 Qc3 24.Qc1 axb3 25.cxb3 Qxc1+ 26.Rxc1 Rxg5 27.h4 Rg3 28.
Rf1 Bh6 29.Bh5 Rg7 30.Rxf7 Rxf7 31.Rf1 Rc8 32.Bxf7+ Ke7 33.Bxe6 Bxe6 34.
Rf6 Bg7 35.Rxe6+ Kf7 36.Rc6 Rxc6 37.Nxc6 Ke6 38.Nxb4 Bxe5 39.a4 Bc3 40.Nd3
Kd6 41.Kc2 Bf6 42.h5 Kc6 43.b4 Kb6 44.Nf4 Kc6 45.Kb3 Bg5 46.b5+ Kd6 47.Nd3
Bd2 48.Kc2 Ba5 49.Nc1 Bb6 50.Nb3 1-0

[Event "24th Bosna it"]
[Site "Sarajevo YUG"]
[Date "1985.03.21"]
[Round "3"]
[White "Chandler, Murray Graham"]
[Black "Popovic, Petar"]
[Result "1/2-1/2"]
[WhiteElo "2585"]
[BlackElo "2540"]
[EventDate "1985.03.19"]
[PlyCount "43"]

1.d4 Nf6 2.c4 e6 3.Nf3 b6 4.Nc3 Bb7 5.a3 d5 6.cxd5 exd5 7.g3 Be7 8.Bg2 O-O
9.O-O c5 10.Bf4 Na6 11.Qc2 Ne4 12.Nxe4 dxe4 13.Ne5 cxd4 14.Bxe4 Bxe4 15.
Qxe4 Nc5 16.Qf3 Bf6 17.Rad1 Re8 18.Ng4 Ne6 19.Bc1 Bg5 20.h4 Bxc1 21.Rxc1 
Qe7 22.Rfd1 1/2-1/2

[Event "24th Bosna it"]
[Site "Sarajevo YUG"]
[Date "1985.03.21"]
[Round "3"]
[White "Kurajica, Bojan"]
[Black "Lalic, Bogdan"]
[Result "1-0"]
[WhiteElo "2535"]
[BlackElo "2440"]
[EventDate "1985.03.19"]
[PlyCount "109"]

1.d4 e6 2.Nf3 d5 3.Bg5 Be7 4.Bxe7 Qxe7 5.c4 Nf6 6.Nc3 O-O 7.e3 dxc4 8.Bxc4
a6 9.Bd3 Nc6 10.O-O e5 11.d5 Na7 12.Qc2 c6 13.dxc6 Nxc6 14.a3 h6 15.Nd2 
Be6 16.Rfd1 Rac8 17.Nde4 Na5 18.Qa4 Nb3 19.Rab1 Rc7 20.Nxf6+ Qxf6 21.Bc2 
Nc5 22.Qa5 Rfc8 23.Rd6 Qh4 24.Rbd1 Nd7 25.Bb1 Rc5 26.Qb4 Qxb4 27.axb4 R5c7
28.f4 exf4 29.exf4 Nf8 30.Be4 g6 31.b5 axb5 32.Nxb5 Rc4 33.R6d4 b6 34.h3 
Nd7 35.Bb7 R8c5 36.Nc3 Nf6 37.Bf3 b5 38.Be2 Rxd4 39.Rxd4 Nd5 40.Nxd5 Bxd5 
41.b4 Rc1+ 42.Kf2 Bc6 43.Rd8+ Kg7 44.Rc8 Rc2 45.Ke3 Rxe2+ 46.Kxe2 Bxg2 47.
Rc5 Bxh3 48.Rxb5 Kf6 49.Rc5 Ke6 50.b5 Kd6 51.b6 Bg2 52.Rc7 Bd5 53.Kf2 g5 
54.Kg3 Ke6 55.Rc1 1-0

[Event "24th Bosna it"]
[Site "Sarajevo YUG"]
[Date "1985.03.22"]
[Round "4"]
[White "Marjanovic, Slavoljub"]
[Black "Mikhalchishin, Adrian"]
[Result "1/2-1/2"]
[WhiteElo "2505"]
[BlackElo "2505"]
[EventDate "1985.03.19"]
[PlyCount "48"]

1.e4 e5 2.Nf3 Nf6 3.Nxe5 d6 4.Nf3 Nxe4 5.c4 Nc6 6.Nc3 Nxc3 7.dxc3 Bg4 8.
Be2 Be7 9.h3 Bf5 10.Bf4 Qd7 11.Qd2 Bf6 12.O-O-O O-O-O 13.g4 Bg6 14.Rhe1 
Rhe8 15.b3 h5 16.Ng5 hxg4 17.Bxg4 Bf5 18.Nxf7 Rxe1 19.Qxe1 Bxg4 20.Nxd8 
Bxd1 21.Nxc6 bxc6 22.Kxd1 Qxh3 23.Be3 Qf5 24.Kc1 Bg5 1/2-1/2

[Event "24th Bosna it"]
[Site "Sarajevo YUG"]
[Date "1985.03.22"]
[Round "4"]
[White "Ribli, Zoltan"]
[Black "Chandler, Murray Graham"]
[Result "1/2-1/2"]
[WhiteElo "2615"]
[BlackElo "2585"]
[EventDate "1985.03.19"]
[PlyCount "55"]

1.d4 Nf6 2.Nf3 e6 3.c4 b6 4.g3 Ba6 5.b3 Bb4+ 6.Bd2 Be7 7.Nc3 c6 8.e4 d5 9.
e5 Ne4 10.Bd3 Nxc3 11.Bxc3 Bb7 12.Qe2 c5 13.dxc5 bxc5 14.O-O O-O 15.Rad1 
d4 16.Bd2 Nd7 17.Be4 Bxe4 18.Qxe4 Qc7 19.Rfe1 Rfe8 20.h4 a5 21.a4 Reb8 22.
Rb1 Bf8 23.Qg4 Kh8 24.Re4 Rb7 25.h5 h6 26.Rf4 Nb8 27.Re4 Qd8 28.Ree1 
1/2-1/2

[Event "24th Bosna it"]
[Site "Sarajevo YUG"]
[Date "1985.03.22"]
[Round "4"]
[White "Lputian, Smbat"]
[Black "Lalic, Bogdan"]
[Result "1-0"]
[WhiteElo "2530"]
[BlackElo "2440"]
[EventDate "1985.03.19"]
[PlyCount "99"]

1.d4 Nf6 2.c4 g6 3.Nc3 d5 4.Nf3 Bg7 5.cxd5 Nxd5 6.e4 Nxc3 7.bxc3 c5 8.Rb1 
O-O 9.Be2 b6 10.O-O cxd4 11.cxd4 e6 12.Bg5 Qd6 13.Qd2 Bb7 14.Qe3 Rc8 15.
Rfd1 Nd7 16.h4 Rc2 17.e5 Qc7 18.Bd3 Rc3 19.Qe2 Bd5 20.Rbc1 h6 21.Be3 Rd8 
22.h5 Nf8 23.Nh2 Rxc1 24.Rxc1 Qb7 25.Ba6 Qa8 26.hxg6 Nxg6 27.f3 Nh4 28.Bf2
Ng6 29.Ng4 Qb8 30.Be3 Kh7 31.Kf2 Rh8 32.Rh1 Kg8 33.Bxh6 Bxh6 34.Rxh6 Rxh6 
35.Nxh6+ Kg7 36.Ng4 Qd8 37.Qd2 Qh4+ 38.g3 Qh5 39.Bd3 Ne7 40.a3 Nc6 41.Qf4 
Qh1 42.Bf1 Kf8 43.Nf6 Ne7 44.Bg2 Qh2 45.Qd2 a5 46.Nd7+ Kg7 47.Qg5+ Ng6 48.
Nxb6 Bc6 49.Nc4 Kh7 50.Ne3 1-0

[Event "24th Bosna it"]
[Site "Sarajevo YUG"]
[Date "1985.03.22"]
[Round "4"]
[White "Sax, Gyula"]
[Black "Dizdarevic, Emir"]
[Result "1/2-1/2"]
[WhiteElo "2565"]
[BlackElo "2425"]
[EventDate "1985.03.19"]
[PlyCount "47"]

1.e4 c5 2.Nf3 e6 3.d4 cxd4 4.Nxd4 a6 5.Bd3 Nf6 6.O-O Qc7 7.f4 Bc5 8.c3 d6 
9.Kh1 e5 10.Nb3 Ba7 11.Qf3 Nbd7 12.c4 O-O 13.Nc3 exf4 14.Qxf4 Ne5 15.Be2 
Be6 16.Qg3 Nfd7 17.Nd5 Bxd5 18.exd5 Rae8 19.Bf4 f5 20.Rac1 Nf6 21.Bf3 Bc5 
22.Nxc5 Qxc5 23.b4 Qxb4 24.c5 1/2-1/2

[Event "24th Bosna it"]
[Site "Sarajevo YUG"]
[Date "1985.03.23"]
[Round "5"]
[White "Nogueiras Santiago, Jesus"]
[Black "Marjanovic, Slavoljub"]
[Result "1/2-1/2"]
[WhiteElo "2545"]
[BlackElo "2505"]
[EventDate "1985.03.19"]
[PlyCount "47"]

1.d4 Nf6 2.c4 e6 3.g3 d5 4.Bg2 dxc4 5.Qa4+ Nbd7 6.Qxc4 a6 7.Qd3 c5 8.dxc5 
Bxc5 9.Nf3 b5 10.Ne5 Nd5 11.Nxd7 Bxd7 12.Nc3 Nb4 13.Qb1 Bc6 14.O-O Bxg2 
15.Kxg2 O-O 16.a4 Nd5 17.Rd1 Nxc3 18.Rxd8 Nxb1 19.Rxa8 Rxa8 20.axb5 Na3 
21.bxa3 axb5 22.Rb1 Bxa3 23.Bxa3 Rxa3 24.Rxb5 1/2-1/2

[Event "24th Bosna it"]
[Site "Sarajevo YUG"]
[Date "1985.03.23"]
[Round "5"]
[White "Chandler, Murray Graham"]
[Black "Sax, Gyula"]
[Result "1/2-1/2"]
[WhiteElo "2585"]
[BlackElo "2565"]
[EventDate "1985.03.19"]
[PlyCount "52"]

1.d4 Nf6 2.c4 e6 3.Nf3 c5 4.d5 exd5 5.cxd5 d6 6.Nc3 g6 7.Nd2 Nbd7 8.e4 Bg7
9.Be2 O-O 10.O-O Re8 11.f4 c4 12.Kh1 Nc5 13.e5 dxe5 14.fxe5 Rxe5 15.Nxc4 
Re8 16.Bg5 h6 17.Bh4 Nce4 18.Nxe4 Rxe4 19.Bg3 Qxd5 20.Qxd5 Nxd5 21.Bf3 Rd4
22.Rad1 Nb6 23.Rxd4 Bxd4 24.Rd1 Bf6 25.b3 Nxc4 26.bxc4 a5 1/2-1/2

[Event "24th Bosna it"]
[Site "Sarajevo YUG"]
[Date "1985.03.23"]
[Round "5"]
[White "Kozul, Zdenko"]
[Black "Georgiev, Kiril"]
[Result "1-0"]
[WhiteElo "2380"]
[BlackElo "2535"]
[EventDate "1985.03.19"]
[PlyCount "61"]

1.d4 Nf6 2.c4 e6 3.Nf3 b6 4.Nc3 Bb7 5.a3 d5 6.cxd5 Nxd5 7.e3 Nd7 8.Bd3 c5 
9.e4 N5f6 10.Bf4 a6 11.d5 exd5 12.exd5 Nxd5 13.Nxd5 Bxd5 14.O-O Be7 15.Re1
Nf8 16.Be4 Bxe4 17.Qa4+ b5 18.Qxe4 Ne6 19.Rad1 Qc8 20.Bg5 Ra7 21.Bxe7 Rxe7
22.Ng5 Qb7 23.Qf5 g6 24.Qe5 O-O 25.Ne4 Qc7 26.Nf6+ Kh8 27.Rd6 Qb7 28.f3 
Qb8 29.Nd7+ f6 30.Nxf6 Rg7 31.Qxe6 1-0

[Event "24th Bosna it"]
[Site "Sarajevo YUG"]
[Date "1985.03.23"]
[Round "5"]
[White "Lalic, Bogdan"]
[Black "Popovic, Petar"]
[Result "1/2-1/2"]
[WhiteElo "2440"]
[BlackElo "2540"]
[EventDate "1985.03.19"]
[PlyCount "82"]

1.d4 Nf6 2.c4 e6 3.g3 d5 4.Bg2 Bb4+ 5.Nd2 O-O 6.Nf3 b6 7.O-O Bb7 8.a3 Bxd2
9.Nxd2 a5 10.b3 c5 11.Bb2 Nbd7 12.Re1 Qb8 13.e4 cxd4 14.exd5 e5 15.f4 exf4
16.Ne4 Nxe4 17.Rxe4 fxg3 18.Qxd4 gxh2+ 19.Kh1 f6 20.Re7 Rf7 21.Rxf7 Kxf7 
22.Qe3 Qc7 23.Qe6+ Kf8 24.Re1 Nc5 25.Qh3 Re8 26.Rxe8+ Kxe8 27.Qxh7 Qg3 28.
Bd4 Kf7 29.b4 axb4 30.axb4 Qe1+ 31.Kxh2 Qxb4 32.Qh5+ Kf8 33.Qh8+ Kf7 34.
Qb8 Qxc4 35.Qc7+ Kg8 36.Bxc5 Qh4+ 37.Bh3 bxc5 38.Qxb7 Qf2+ 39.Bg2 Qh4+ 40.
Kg1 Qe1+ 41.Bf1 Qg3+ 1/2-1/2

[Event "24th Bosna it"]
[Site "Sarajevo YUG"]
[Date "1985.03.25"]
[Round "6"]
[White "Marjanovic, Slavoljub"]
[Black "Kozul, Zdenko"]
[Result "1-0"]
[WhiteElo "2505"]
[BlackElo "2380"]
[EventDate "1985.03.19"]
[PlyCount "73"]

1.d4 Nf6 2.c4 g6 3.Nc3 Bg7 4.e4 d6 5.f4 O-O 6.Nf3 Bg4 7.h3 Bxf3 8.Qxf3 Nc6
9.Be3 e5 10.fxe5 dxe5 11.d5 Nd4 12.Qf2 c5 13.Bd3 Ne8 14.O-O f5 15.Qd2 Nd6 
16.Rae1 f4 17.Bxd4 exd4 18.Na4 Rc8 19.e5 Nf7 20.e6 Ne5 21.b3 f3 22.Be4 f2+
23.Rxf2 Qh4 24.d6 Bh6 25.Qb2 Rf4 26.Nxc5 Rxc5 27.Qxd4 Qxf2+ 28.Qxf2 Rxf2 
29.Kxf2 Kf8 30.Kg1 Ke8 31.Bxb7 Bf4 32.Re4 g5 33.b4 Rc6 34.Bxc6+ Nxc6 35.c5
a6 36.a4 Na7 37.e7 1-0

[Event "24th Bosna it"]
[Site "Sarajevo YUG"]
[Date "1985.03.25"]
[Round "6"]
[White "Lputian, Smbat"]
[Black "Popovic, Petar"]
[Result "1-0"]
[WhiteElo "2530"]
[BlackElo "2540"]
[EventDate "1985.03.19"]
[PlyCount "43"]

1.d4 Nf6 2.c4 e6 3.Nf3 b6 4.Nc3 Bb7 5.a3 d5 6.cxd5 exd5 7.Qa4+ c6 8.g3 Be7
9.Bg2 O-O 10.O-O c5 11.Rd1 Na6 12.Bf4 Re8 13.Rac1 h6 14.e3 Bf8 15.Be5 Ng4 
16.Nxd5 cxd4 17.Qxd4 Nxe5 18.Nxe5 Nc5 19.Qf4 f6 20.Ng4 Qb8 21.Qf5 Kh8 22.
Ndxf6 1-0

[Event "24th Bosna it"]
[Site "Sarajevo YUG"]
[Date "1985.03.25"]
[Round "6"]
[White "Ribli, Zoltan"]
[Black "Lalic, Bogdan"]
[Result "1/2-1/2"]
[WhiteElo "2615"]
[BlackElo "2440"]
[EventDate "1985.03.19"]
[PlyCount "95"]

1.Nf3 Nf6 2.c4 e6 3.g3 c5 4.Bg2 d5 5.O-O Nc6 6.cxd5 exd5 7.d4 Be7 8.dxc5 
Bxc5 9.Qc2 Be7 10.Rd1 O-O 11.Nc3 Qa5 12.Be3 Be6 13.a3 Rac8 14.b4 Qc7 15.
Rac1 a5 16.Bf4 Qb6 17.b5 d4 18.bxc6 dxc3 19.Nd4 bxc6 20.Nxe6 fxe6 21.Be3 
Qa6 22.Qxc3 Qxe2 23.Bh3 Ng4 24.Re1 Qf3 25.Bd4 h5 26.Rxe6 Bxa3 27.Qc4 Bxc1 
28.Rxc6+ Kh7 29.Qc2+ Qf5 30.Rxc8 Qxc2 31.Rxc2 Rd8 32.Rc4 Bd2 33.Bg2 Re8 
34.Bf3 Re1+ 35.Kg2 Ne5 36.Rc7 Rg1+ 37.Kxg1 Nxf3+ 38.Kf1 Nxd4 39.Rc4 Nb3 
40.Ke2 Bb4 41.h3 Nc5 42.f4 Ne6 43.Ke3 Kg6 44.g4 hxg4 45.hxg4 Kf7 46.Rc6 
Be7 47.g5 g6 48.Ra6 1/2-1/2

[Event "24th Bosna it"]
[Site "Sarajevo YUG"]
[Date "1985.03.26"]
[Round "7"]
[White "Kozul, Zdenko"]
[Black "Mikhalchishin, Adrian"]
[Result "1/2-1/2"]
[WhiteElo "2380"]
[BlackElo "2505"]
[EventDate "1985.03.19"]
[PlyCount "21"]

1.d4 Nf6 2.Nf3 g6 3.Bf4 Bg7 4.e3 O-O 5.Be2 d6 6.h3 b6 7.O-O Bb7 8.a4 a6 9.
c3 Nbd7 10.Bh2 c5 11.Re1 1/2-1/2

[Event "24th Bosna it"]
[Site "Sarajevo YUG"]
[Date "1985.03.26"]
[Round "7"]
[White "Lalic, Bogdan"]
[Black "Sax, Gyula"]
[Result "1-0"]
[WhiteElo "2440"]
[BlackElo "2565"]
[EventDate "1985.03.19"]
[PlyCount "89"]

1.d4 Nf6 2.c4 c5 3.d5 e6 4.Nc3 exd5 5.cxd5 d6 6.g3 g6 7.Bg2 Bg7 8.Nf3 O-O 
9.O-O Re8 10.Nd2 a6 11.a4 Nbd7 12.Nc4 Nb6 13.Na3 Bd7 14.Bd2 Nxa4 15.Nxa4 
b5 16.Nc3 b4 17.Nc4 bxc3 18.Bxc3 Bb5 19.b3 Ng4 20.Bxg7 Kxg7 21.e4 Ne5 22.
Nxe5 Rxe5 23.Re1 Qf6 24.f4 Ree8 25.Qd2 Rac8 26.Bh3 Rb8 27.Rad1 Rb7 28.Re3 
Bd7 29.Bf1 Bg4 30.Be2 Bxe2 31.Qxe2 Rb4 32.e5 Qf5 33.exd6 Rbe4 34.Rxe4 Rxe4
35.Qf3 Rd4 36.Rxd4 cxd4 37.d7 Qxd7 38.Qe4 Qa7 39.d6 d3+ 40.Kf1 d2 41.Ke2 
Qg1 42.Kxd2 Qxh2+ 43.Kc3 Qxg3+ 44.Kc4 Qh4 45.d7 1-0

[Event "24th Bosna it"]
[Site "Sarajevo YUG"]
[Date "1985.03.27"]
[Round "8"]
[White "Marjanovic, Slavoljub"]
[Black "Dizdarevic, Emir"]
[Result "1-0"]
[WhiteElo "2505"]
[BlackElo "2425"]
[EventDate "1985.03.19"]
[PlyCount "59"]

1.d4 Nf6 2.Nf3 e6 3.e3 c5 4.Nbd2 b6 5.Bd3 Bb7 6.O-O Be7 7.Re1 O-O 8.b3 Nc6
9.a3 cxd4 10.exd4 Re8 11.Bb2 Bf8 12.c4 d5 13.Rc1 dxc4 14.bxc4 Rc8 15.Nf1 
g6 16.Ng3 Bg7 17.Bb1 Na5 18.Ba2 Rc7 19.h4 Qa8 20.d5 exd5 21.Rxe8+ Nxe8 22.
Bxg7 Kxg7 23.h5 dxc4 24.Qd4+ f6 25.hxg6 hxg6 26.Nh4 Qc8 27.Re1 Nb3 28.Qf4 
Rf7 29.Nxg6 Qc7 30.Nf5+ 1-0

[Event "24th Bosna it"]
[Site "Sarajevo YUG"]
[Date "1985.03.27"]
[Round "8"]
[White "Georgiev, Kiril"]
[Black "Chandler, Murray Graham"]
[Result "1-0"]
[WhiteElo "2535"]
[BlackElo "2585"]
[EventDate "1985.03.19"]
[PlyCount "111"]

1.Nf3 Nf6 2.c4 c5 3.g3 Nc6 4.Bg2 d5 5.cxd5 Nxd5 6.Nc3 Nc7 7.O-O e5 8.d3 
Be7 9.Nd2 Bd7 10.Nc4 O-O 11.Bxc6 Bxc6 12.Nxe5 Be8 13.Be3 Bf6 14.Nf3 Ne6 
15.Ne4 Bxb2 16.Rb1 Bd4 17.Bxd4 Nxd4 18.Nxd4 Qxd4 19.Rxb7 f5 20.Ng5 Bc6 21.
Re7 Rae8 22.e3 Qd6 23.Rxa7 h6 24.Qb3+ Bd5 25.Qc3 Re7 26.Rxe7 Qxe7 27.e4 
Bxa2 28.Ra1 Qxg5 29.Rxa2 fxe4 30.dxe4 Kh7 31.Kg2 Qg4 32.f3 Qg5 33.Rd2 Qe7 
34.Qc4 Rb8 35.Qd5 Kh8 36.h4 Rc8 37.Qf5 Qe8 38.Rd7 c4 39.Qg4 Qf8 40.Rf7 
Qxf7 41.Qxc8+ Kh7 42.f4 h5 43.Kf3 g6 44.Qc6 Qa7 45.Qxc4 Qg1 46.f5 Qh1+ 47.
Kf4 Kh6 48.f6 Qd1 49.Ke5 Qe1 50.Ke6 Qe3 51.e5 Qb6+ 52.Kd7 Qb7+ 53.Qc7 Qb5+
54.Ke7 Qb4+ 55.Kf7 Qb3+ 56.e6 1-0

[Event "24th Bosna it"]
[Site "Sarajevo YUG"]
[Date "1985.03.27"]
[Round "8"]
[White "Mikhalchishin, Adrian"]
[Black "Drasko, Milan"]
[Result "0-1"]
[WhiteElo "2505"]
[BlackElo "2460"]
[EventDate "1985.03.19"]
[PlyCount "52"]

1.Nf3 Nf6 2.c4 c6 3.d4 d5 4.Nc3 dxc4 5.a4 Bf5 6.Ne5 Na6 7.f3 Nd7 8.Bf4 
Nxe5 9.Bxe5 Nb4 10.e4 Be6 11.a5 f6 12.d5 fxe5 13.Qa4 Qd6 14.dxe6 O-O-O 15.
Bxc4 Qd2+ 16.Kf1 Nc2 17.Be2 Rd4 18.Qa2 Nxa1 19.Qxa1 g6 20.a6 b6 21.Qa3 
Qc1+ 22.Kf2 Qxh1 23.Nb5 Qc1 24.Nxa7+ Kb8 25.Nc8 Qc5 26.a7+ Ka8 0-1

[Event "24th Bosna it"]
[Site "Sarajevo YUG"]
[Date "1985.03.27"]
[Round "8"]
[White "Nogueiras Santiago, Jesus"]
[Black "Kozul, Zdenko"]
[Result "1-0"]
[WhiteElo "2545"]
[BlackElo "2380"]
[EventDate "1985.03.19"]
[PlyCount "69"]

1.d4 Nf6 2.c4 g6 3.Nc3 Bg7 4.e4 d6 5.f4 O-O 6.Nf3 Bg4 7.Be3 Nfd7 8.Be2 
Bxf3 9.Bxf3 Nc6 10.e5 Na5 11.Qa4 Nb6 12.Qxa5 Nxc4 13.Qd5 Nxe3 14.Qe4 Nc4 
15.Qe2 Na5 16.Rd1 e6 17.h4 d5 18.h5 Re8 19.hxg6 fxg6 20.g4 c6 21.Qh2 h6 
22.g5 h5 23.Bxh5 gxh5 24.Qxh5 Re7 25.g6 Kf8 26.Ne2 Ke8 27.f5 exf5 28.Ng3 
Kd7 29.Nxf5 Kc7 30.O-O Kb6 31.Nxe7 Qxe7 32.Rf7 Qb4 33.Rxg7 Nc4 34.Qf3 Nd2 
35.Qc3 1-0

[Event "24th Bosna it"]
[Site "Sarajevo YUG"]
[Date "1985.03.27"]
[Round "8"]
[White "Sax, Gyula"]
[Black "Popovic, Petar"]
[Result "1/2-1/2"]
[WhiteElo "2565"]
[BlackElo "2540"]
[EventDate "1985.03.19"]
[PlyCount "51"]

1.e4 c5 2.Nf3 d6 3.d4 cxd4 4.Nxd4 Nf6 5.Nc3 Nc6 6.Bg5 e6 7.Qd2 Be7 8.O-O-O
O-O 9.f4 h6 10.Bh4 e5 11.Nf5 Bxf5 12.exf5 exf4 13.Bc4 Na5 14.Be2 Rc8 15.
Rhf1 a6 16.Rxf4 Re8 17.g4 d5 18.g5 hxg5 19.Bxg5 Rxc3 20.Qxc3 Ne4 21.Bxe7 
Nxc3 22.Bxd8 Nxe2+ 23.Kd2 Nxf4 24.Bxa5 Re2+ 25.Kc3 Rxh2 26.Bc7 1/2-1/2

[Event "24th Bosna it"]
[Site "Sarajevo YUG"]
[Date "1985.03.28"]
[Round "9"]
[White "Chandler, Murray Graham"]
[Black "Marjanovic, Slavoljub"]
[Result "0-1"]
[WhiteElo "2585"]
[BlackElo "2505"]
[EventDate "1985.03.19"]
[PlyCount "112"]

1.e4 c5 2.Nf3 d6 3.d4 cxd4 4.Nxd4 Nf6 5.Nc3 a6 6.Be2 e5 7.Nb3 Be7 8.O-O 
Be6 9.a4 Nbd7 10.Qd3 Rc8 11.Nd5 Bxd5 12.exd5 Nb6 13.Bf3 Qc7 14.a5 Nc4 15.
c3 O-O 16.Ra4 g6 17.Be2 b5 18.axb6 Nxb6 19.Ra5 Rb8 20.Nd2 Rfc8 21.c4 Nbd7 
22.Ra2 Nc5 23.Qa3 Qb6 24.g3 Nfd7 25.Qe3 Qd8 26.Qc3 Qb6 27.Qe3 Rb7 28.Bd1 
Qd8 29.Qc3 Rcb8 30.b3 Bg5 31.Ba3 a5 32.Bc2 f5 33.Bxc5 Nxc5 34.Rxa5 e4 35.
Ra3 e3 36.fxe3 Bf6 37.Qa5 Qxa5 38.Rxa5 Bc3 39.Rxc5 dxc5 40.Nb1 Bb4 41.Kf2 
Re8 42.Ke2 Rbe7 43.Rf3 h5 44.h3 Kg7 45.Nd2 Ra7 46.Nb1 Rea8 47.Kd3 Ra1 48.
Rf1 R8a2 49.Rg1 Rb2 50.Rf1 Kf6 51.Rc1 Ke7 52.Rd1 Ba5 53.Rg1 Bc7 54.Kc3 
Raa2 55.Rg2 Ba5+ 56.Kd3 Rxb1 0-1

[Event "24th Bosna it"]
[Site "Sarajevo YUG"]
[Date "1985.03.28"]
[Round "9"]
[White "Dizdarevic, Emir"]
[Black "Mikhalchishin, Adrian"]
[Result "1/2-1/2"]
[WhiteElo "2425"]
[BlackElo "2505"]
[EventDate "1985.03.19"]
[PlyCount "50"]

1.Nf3 Nf6 2.g3 d5 3.Bg2 g6 4.O-O Bg7 5.c4 O-O 6.cxd5 Nxd5 7.Nc3 e5 8.Nxd5 
Qxd5 9.d3 Nc6 10.Be3 Qd6 11.Rc1 Nd4 12.Nxd4 exd4 13.Bf4 Be5 14.Bxe5 Qxe5 
15.Qd2 c6 16.b4 Bg4 17.Rfe1 Rfe8 18.a4 Re7 19.Qb2 Rd8 20.Bf1 Qd6 21.Rc4 h5
22.Rec1 h4 23.Rc5 h3 24.b5 cxb5 25.Rxb5 b6 1/2-1/2

[Event "24th Bosna it"]
[Site "Sarajevo YUG"]
[Date "1985.03.28"]
[Round "9"]
[White "Drasko, Milan"]
[Black "Nogueiras Santiago, Jesus"]
[Result "1/2-1/2"]
[WhiteElo "2460"]
[BlackElo "2545"]
[EventDate "1985.03.19"]
[PlyCount "71"]

1.Nf3 Nf6 2.c4 e6 3.d4 c5 4.g3 cxd4 5.Nxd4 d5 6.Bg2 e5 7.Nf3 e4 8.Nd4 dxc4
9.O-O Be7 10.Qa4+ Nbd7 11.Rd1 O-O 12.Qxc4 Nb6 13.Qc2 Nbd5 14.Nc3 Nxc3 15.
bxc3 Qa5 16.Rb1 Qh5 17.Rb5 Bc5 18.Ba3 b6 19.Bxc5 bxc5 20.Bxe4 Nxe4 21.Qxe4
Bd7 22.Ra5 Rae8 23.Qd3 Bh3 24.Qc4 Rc8 25.Nf3 Rcd8 26.Rc1 Rd5 27.Qh4 Qf5 
28.c4 Rd7 29.e4 Qxf3 30.Qxh3 Rfd8 31.Rf1 Rd1 32.Rxc5 Qxe4 33.Rd5 R1xd5 34.
cxd5 Qxd5 35.Qh4 a5 36.Qa4 1/2-1/2

[Event "24th Bosna it"]
[Site "Sarajevo YUG"]
[Date "1985.03.28"]
[Round "9"]
[White "Kozul, Zdenko"]
[Black "Lputian, Smbat"]
[Result "0-1"]
[WhiteElo "2380"]
[BlackElo "2530"]
[EventDate "1985.03.19"]
[PlyCount "82"]

1.d4 d5 2.Nf3 c5 3.g3 cxd4 4.Bg2 Qa5+ 5.Kf1 Nf6 6.Nxd4 e6 7.Nb3 Qa6 8.Qd3 
Bd7 9.Qxa6 Nxa6 10.c4 Nb4 11.Nc3 dxc4 12.Na5 Rc8 13.Nxb7 Nbd5 14.Bg5 Bc6 
15.Na5 Ba8 16.Bxf6 gxf6 17.Nxd5 exd5 18.a3 Bd6 19.b4 Bc7 20.Bf3 Bxa5 21.
bxa5 Rc5 22.Kg2 Rxa5 23.Rhd1 Ke7 24.Rd4 f5 25.Rh4 Rc8 26.Kf1 c3 27.a4 Bc6 
28.Ke1 Rxa4 29.Rhxa4 Bxa4 30.e3 Kd6 31.Be2 a5 32.Bd3 Bb3 33.Bxf5 Rc6 34.
Bxh7 a4 35.h4 Kc5 36.Bg8 f5 37.Bh7 Rf6 38.h5 d4 39.exd4+ Kxd4 40.Bg6 c2 
41.Kd2 Kc4 0-1

[Event "24th Bosna it"]
[Site "Sarajevo YUG"]
[Date "1985.03.28"]
[Round "9"]
[White "Kurajica, Bojan"]
[Black "Georgiev, Kiril"]
[Result "1/2-1/2"]
[WhiteElo "2535"]
[BlackElo "2535"]
[EventDate "1985.03.19"]
[PlyCount "44"]

1.d4 Nf6 2.Nf3 d5 3.c4 e6 4.Bg5 Be7 5.Nc3 h6 6.Bh4 O-O 7.Qb3 c5 8.dxc5 
Nbd7 9.e3 Nxc5 10.Qc2 b6 11.Rd1 Bb7 12.Be2 Nfe4 13.cxd5 Nxc3 14.Bxe7 Qxe7 
15.Qxc3 Bxd5 16.Qa3 a5 17.O-O Qb7 18.Rd4 Rfc8 19.Rc1 Rc7 20.Rdd1 Rac8 21.
Ne1 e5 22.Rc2 Be4 1/2-1/2